MARC details
| 000 -CABECERA |
| campo de control de longitud fija |
02320nam a2200433 i 4500 |
| 003 - IDENTIFICADOR DEL NÚMERO DE CONTROL |
| campo de control |
DO-SdBNP |
| 005 - FECHA Y HORA DE LA ÚLTIMA TRANSACCIÓN |
| campo de control |
20250320123140.0 |
| 006 - CÓDIGOS DE INFORMACIÓN DE LONGITUD FIJA--CARACTERÍSTICAS DEL MATERIAL ADICIONAL |
| campo de control de longitud fija |
a||||gr|||| 00| 0 |
| 007 - CAMPO FIJO DE DESCRIPCIÓN FÍSICA--INFORMACIÓN GENERAL |
| campo de control de longitud fija |
ta |
| 008 - DATOS DE LONGITUD FIJA--INFORMACIÓN GENERAL |
| campo de control de longitud fija |
240624e2014 sp ||||| |||| 00| 0 spa d |
| 020 ## - NÚMERO INTERNACIONAL ESTÁNDAR DEL LIBRO |
| Número Internacional Estándar del Libro |
9789942078063 |
| 040 ## - FUENTE DE LA CATALOGACIÓN |
| Centro catalogador/agencia de origen |
DO-SdBNP |
| Lengua de catalogación |
spa |
| Centro/agencia transcriptor |
BNPHU |
| Normas de descripción |
rda |
| 041 ## - CÓDIGO DE LENGUA |
| Código de lengua original |
spa, eng |
| 082 #4 - NÚMERO DE LA CLASIFICACIÓN DECIMAL DEWEY |
| Número de edición |
22 |
| Número de documento/Ítem |
A265c |
| 100 1# - ENTRADA PRINCIPAL--NOMBRE DE PERSONA |
| Nombre de persona |
Agee, Philip, |
| 9 (RLIN) |
73077 |
| Término indicativo de función/relación |
autor |
| 245 13 - MENCIÓN DE TÍTULO |
| Título |
La CIA contra América Latina = The CIA against Latin America |
| Resto del título |
caso especial: Ecuador = special case: Ecuador / |
| Mención de responsabilidad, etc. |
Philip Agee, Jaime Galarza Zavala, Francisco Herrera Aráuz. |
| 246 11 - FORMA VARIANTE DE TÍTULO |
| Título propio/Titulo breve |
The CIA against Latin America : |
| Resto del título |
special case Ecuador |
| 264 #1 - PRODUCCIÓN, PUBLICACIÓN, DISTRIBUCIÓN, FABRICACIÓN Y COPYRIGHT |
| Producción, publicación, distribución, fabricación y copyright |
Quito, Ecuador : |
| Nombre del de productor, editor, distribuidor, fabricante |
Ministerio de Relaciones Exteriores y Movilidad Humana, |
| Fecha de producción, publicación, distribución, fabricación o copyright |
2014 |
| 300 ## - DESCRIPCIÓN FÍSICA |
| Extensión |
222 páginas : |
| Otras características físicas |
ilustraciones, fotografías ; |
| Dimensiones |
15 cm. |
| 336 ## - TIPO DE CONTENIDO |
| Fuente |
rdacontent |
| Término de tipo de contenido |
texto |
| Código de tipo de contenido |
txt |
| 337 ## - TIPO DE MEDIO |
| Fuente |
rdamedia |
| Nombre/término del tipo de medio |
sin mediación |
| Código del tipo de medio |
n |
| 338 ## - TIPO DE SOPORTE |
| Fuente |
rdacarrier |
| Nombre/término del tipo de soporte |
volumen |
| Código del tipo de soporte |
nc |
| 490 ## - MENCIÓN DE SERIE |
| Mención de serie |
Archivo Histórico. |
| 490 ## - MENCIÓN DE SERIE |
| Mención de serie |
Cuaderno ; |
| Designación de volumen o secuencia |
2 |
| 500 ## - NOTA GENERAL |
| Nota general |
Breves datos sobre el autor de la entrevista, Dr. Francisco Herrera Araúz, página 115 (español) y 107 (inglés). |
| 501 ## - NOTA DE "CON" |
| Nota de “Con” |
Con: Dos obras publicadas en una misma encuadernación compartiendo paginación contínua. |
| 505 ## - NOTA DE CONTENIDO CON FORMATO |
| Nota de contenido con formato |
Razón de Ser.-- Una guía necesaria. |
| Información miscelánea |
Primera parte. |
| Título |
Jaime Galarza Zavala entrevista a Philip Agee / |
| Mención de responsabilidad |
Breves datos sobre Jaime Galarza.-- |
| Información miscelánea |
Segunda parte. |
| Título |
Conferencia de Philip Agee ante el Tribunal Antiimperialista de nuesta América, Managua, octubre de 1983.-- |
| Información miscelánea |
Tercera parte. |
| Título |
Phillp Agee: el Hombre que "Torció" la historia del Ecuador / |
| Mención de responsabilidad |
Entrevista por Francisco Herrera Aráuz.-- |
| Título |
Breves datos sobre el autor de la entrevista. |
| 546 ## - NOTA DE LENGUA/LENGUAJE |
| Nota de lengua/lenguaje |
Obra publicada en dos idiomas: español e inglés. |
| 590 ## - NOTA LOCAL (RLIN) |
| Nota local |
Inventariado 2024 / MF |
| 650 #0 - PUNTO DE ACCESO ADICIONAL DE MATERIA--TÉRMINO DE MATERIA |
| Término de materia o nombre geográfico como elemento de entrada |
Entrevistas (Periodismo) |
| 9 (RLIN) |
11043 |
| 650 #4 - PUNTO DE ACCESO ADICIONAL DE MATERIA--TÉRMINO DE MATERIA |
| Término de materia o nombre geográfico como elemento de entrada |
Relaciones Internacionales |
| Subdivisión de forma |
Entrevistas (Periodismo) |
| 9 (RLIN) |
11036 |
| 650 ## - PUNTO DE ACCESO ADICIONAL DE MATERIA--TÉRMINO DE MATERIA |
| Término de materia o nombre geográfico como elemento de entrada |
Espionaje |
| Subdivisión geográfica |
América Latina |
| Subdivisión de forma |
Entrevista |
| 9 (RLIN) |
31415 |
| 650 #4 - PUNTO DE ACCESO ADICIONAL DE MATERIA--TÉRMINO DE MATERIA |
| Término de materia o nombre geográfico como elemento de entrada |
Entrevista |
| Subdivisión geográfica |
Ecuador |
| 9 (RLIN) |
30080 |
| 700 12 - PUNTO DE ACCESO ADICIONAL--NOMBRE DE PERSONA |
| Nombre de persona |
Agee, Philip, |
| Título de la obra |
The CIA against Latin America -special case: Ecuador |
| 9 (RLIN) |
85761 |
| 700 12 - PUNTO DE ACCESO ADICIONAL--NOMBRE DE PERSONA |
| Nombre de persona |
Agee, Philip, |
| Título de la obra |
La CIA contra América Latina, caso especial: Ecuador |
| 9 (RLIN) |
85763 |
| 700 12 - PUNTO DE ACCESO ADICIONAL--NOMBRE DE PERSONA |
| Código de función/relación |
Galarza Zavala, jaime, |
| Término indicativo de función/relación |
autor |
| 700 12 - PUNTO DE ACCESO ADICIONAL--NOMBRE DE PERSONA |
| Código de función/relación |
Francisco, Herrera Aráuz, |
| Término indicativo de función/relación |
autor |
| 942 ## - ELEMENTOS DE PUNTO DE ACCESO ADICIONAL (KOHA) |
| Fuente del sistema de clasificación o colocación |
Dewey Decimal Classification |
| Tipo de ítem Koha |
Libro |